000 00858nam a2200253 i 4500
001 bg
100 1 _aCHING, Francis D.K.
_d(1943- )
245 0 _aBuilding construction illustrated /
_cFrancis D.K. Ching and Cassandra Adams.
260 _aNew York [etc.] :
_bJohn Wiley & Sons,
_c2001.
300 _awiele liczb. :
_brys. ;
_c28 cm.
504 _aBibliogr. - Indeks.
650 9 _aBudownictwo
650 9 _aKonstrukcje budowlane
655 _aPodręczniki akademickie
700 1 _aADAMS, Cassandra
020 _a0471358983
040 _cBPK
041 0 _aeng
080 _a69:624.01/.07](075.8)
920 _a0-471-35898-3
942 _cKS
008 s pl f |000 0 pol
999 _c52502
_d52502
856 _uhttp://koha.tu.koszalin.pl/cgi-bin/koha/opac-detail.pl?biblionumber=52502
_yKatalog online BPK